KOHA-Header-6

Wajid Ali Shah : Unki Shayree aur Mersiyee (Record no. 9185)

000 -LEADER
fixed length control field 00234nam a2200097Ia 4500
100 ## - MAIN ENTRY--AUTHOR NAME
Personal name Kazmi Syed Manzar Hussain
245 #0 - TITLE STATEMENT
Title Wajid Ali Shah : Unki Shayree aur Mersiyee
260 ## - PUBLICATION, DISTRIBUTION, ETC. (IMPRINT)
Place of publication Karachi
Name of publisher Ali Sons
Year of publication 2000
300 ## - PHYSICAL DESCRIPTION
Number of Pages 672
942 ## - ADDED ENTRY ELEMENTS (KOHA)
Koha item type Books
Holdings
Withdrawn status Lost status Collection code Permanent Location Current Location Shelving location Date acquired Full call number Accession Number Koha item type
    Urdu Literature MAJU MAJU   2019-09-14 621.3 4614 Urdu Literature

Powered by Koha